Culture générale - Quiz #21 - Statistiques

Statistiques générales
  • Ce quiz a été pris 75 099 fois
  • Le résultat moyen est 12 sur 20
Statistiques - réponses
Question Réponse % Correct
Dans la comptine, que doit sonner Frère Jacques ? Les matines
88%
De quel pays est originaire le chocolat Toblerone ? Suisse
88%
Selon l'expression, où mènent tous les chemins ? Rome
87%
De quel pays les moulins et les tulipes sont-ils des symboles ? Les Pays-Bas
86%
À quel aéroport atterrissez-vous si votre billet indique CDG ? Aéroport de Paris-Charles-de-Gaulle
84%
Quel organe interne du corps humain commence par la lettre F ? Foie
83%
Quelle épée fut donnée au Roi Arthur par la fée Viviane ? Excalibur
75%
Quelle chaîne de montagne s'étend du Venezuela jusqu'à la pointe sud de l'Amérique du Sud ? La Cordillère des Andes
72%
Que signifie l'acronyme anglais "ASAP" ? As soon as possible
66%
À qui doit-on la Porte de l'Enfer, les Bourgeois de Calais ou encore le Penseur ? Auguste Rodin
57%
Qui vivait au 221B, Baker Street ? Sherlock Holmes
55%
Complétez l'analogie : Canin est aux chiens ce que _____ est aux vaches Bovin
53%
Selon la charia, quelle type de mise à mort est encourue pour un adultère ? La lapidation
46%
Quel peuple avait Tenochtitlan pour capitale ? Les aztèques
44%
Quel navigateur portugais est considéré comme le premier Européen à atteindre les Indes par voie maritime ? Vasco de Gama
44%
Quelle est la famille de fruits ou légumes dont on a cultivé le plus grand spécimen ? La citrouille
37%
Que sont le brocciu et le stilton ? Des types de fromages
29%
Qu'aime une personne lusophile ? La culture portugaise
26%
Sous quelle autre identité Siddhārtha Gautama est-il plus connu ? Bouddha
21%
Quelle est la capitale du Tibet ? Lhassa
16%
Aucun quiz correspondant
Distribution des résultats
% des personnes avec chaque résultat
Percentile par nombre de réponses
Votre historique - résultats
Vous n’avez pas pris ce quiz